Islam, Secularism, and Liberal Democracy Toward a Democratic Theory for Muslim Societes
Guardado en:
| Autor principal: | |
|---|---|
| Formato: | Libro |
| Lenguaje: | inglés |
| Publicado: |
New York
Oxford University Press
2012
|
| Edición: | 1st Edition |
| Materias: | |
| Etiquetas: |
Sin Etiquetas, Sea el primero en etiquetar este registro!
|
MARC
| LEADER | 00000nam a2200000 4500 | ||
|---|---|---|---|
| 001 | 0269758 | ||
| 005 | 20230109114608.8 | ||
| 020 | |a 978-0-19-992907-8 | ||
| 020 | |a 978-0-19-532124-1 | ||
| 041 | 0 | |a eng | |
| 044 | |a US | ||
| 245 | 1 | 0 | |a Islam, Secularism, and Liberal Democracy |b Toward a Democratic Theory for Muslim Societes |c Nader Hashemi |
| 250 | |a 1st Edition | ||
| 264 | 1 | |a New York |b Oxford University Press |c 2012 | |
| 300 | |a 280 s. | ||
| 610 | 2 | 0 | |a moslimovia |
| 610 | 2 | 0 | |a islam |
| 610 | 2 | 0 | |a náboženstvo |
| 610 | 2 | 0 | |a demokracia |
| 610 | 2 | 0 | |a liberalizmus |
| 610 | 2 | 0 | |a teórie politické |
| 100 | 1 | |a Hashemi, Nader | |